000 00635nam a2200181Ia 4500
008 090123s9999 xx 000 0 und d
082 _b15449
_a891.463/अष्टीक
100 _aअष्टीकर मंदाकिनी
245 _aअंधाराचा अंधार
250 _a1
260 _bउदय दिप प्रकाशन
300 _a176
600 _aअष्टीकर मंदाकिनी
630 _aअंधाराचा अंधार
700 _aअष्टीकर मंदाकिनी
730 _aअंधाराचा अंधार
942 _cBOOK
999 _c53510
_d53510